| 000 | 00647nam a2200217 a 4500 | ||
|---|---|---|---|
| 005 | 20140310183246.0 | ||
| 008 | 040908s19uu xx 00 eng d | ||
| 020 | _a0131230468 | ||
| 050 |
_aQA 76.9.M35 _b.K64 2004 |
||
| 100 | _aKolman, Bernard | ||
| 245 |
_aDiscrete mathematical structures / _cBernard Kolman |
||
| 250 | _a5th ed. | ||
| 260 |
_aNew Jersey : _bPearson Education International, _c2004. |
||
| 300 |
_aI-9, 503 p. : _bcol. ill. ; _c25 cm. |
||
| 500 | _aIncludes index. | ||
| 650 |
_aComputer science _xmathematics. |
||
| 700 | _aBusby, Robert C. | ||
| 700 | _aCuttler Ross, Sharon | ||
| 942 |
_cBK _2lcc _kFOR |
||
| 999 |
_c20695 _d20695 |
||